000 00768nam a22002175i 4500
001 54533
003 ES-MaACL
007 t|
008 960723s1885 gw ||||1| ger d
040 _aCAM
_bspa
_cCAM
100 1 _aFrancke, August Hernann.
_952211
245 1 0 _aA. H. Francke's Pèadagogische Schriften
_b: nebst der Darstellung seines Lebens und seiner Stiftungen herausgegeben /
_cvon D[r]. G. Kramer.
250 _a2. Aufl.
260 _aLangensalza :
_bdrud und Berlag von Hermann Beyer & Söhne,
_c1885.
300 _aXII, LXXXV, 456 p. ;
_c21 cm.
490 1 _aBibliothek pèadagogischer klassiker
700 1 _aKramer, G.
_968728
830 0 _aBibliothek pèadagogischer klassiker
_9182509
852 _aES-MaACL
_jG-15168
999 _c54533
_d54533